Statistiche per Tutti gli Stati che hanno controllato Barcellona

Clicka qui per fare il quiz!

Statistiche generali

  • Questo quiz è stato fatto 13 volte
    (4 dall'ultimo reset)
  • Il punteggio medio è 22 su 26

Statistiche sulle risposte

Risposta% Corretto
Contea di Barcellona
100%
Impero Romano
100%
Impero Romano
100%
Impero Romano d'Occidente
100%
Impero Spagnolo Asburgico
100%
Impero Spagnolo Asburgico
100%
Impero Spagnolo Borbonico
100%
Impero Spagnolo Borbonico
100%
Prima Repubblica Spagnola
100%
Primo Impero Francese
100%
Regno di Aragona
100%
Regno di Francia e di Navarra
100%
Regno di Spagna
100%
Regno di Spagna
100%
Regno di Spagna
100%
Regno Napoleonico di Spagna
100%
Repubblica Romana
100%
Seconda Repubblica Spagnola
100%
Califfato Omàyyade
67%
Impero Carolingio
67%
Regno dei Franchi Occidentali
67%
Regno Visigoto
67%
Stato Franchista di Spagna
67%
Emirato di Cordoba
33%
Grande Alleanza (UK, Austria, Paesi Bassi, Portogallo)
33%
Impero delle Gallie
33%

Distribuzione punteggi

Percentile per numero di risposta

Percentuale di utenti per punteggio

I tuoi punteggi nel tempo

Non hai fatto questo quiz dall'ultimo reset